Guess the 1970s song lyrics #4 - Statistics

General Stats
  • This quiz has been taken 101 times
  • The average score is 74 of 160
Answer Stats
Answer % Correct
a
93%
the
88%
you
88%
In
80%
in
80%
Do
79%
do
79%
we
76%
Love
73%
love
73%
to
67%
and
65%
of
61%
remember
60%
Remember
60%
was
57%
day
54%
night
53%
september
53%
September
53%
were
52%
My
49%
Ba
48%
ba
48%
that
48%
As
47%
never
47%
your
47%
see
44%
are
42%
how
42%
There
40%
Our
38%
our
38%
dancing
37%
heart
37%
say
37%
with
37%
21st
36%
away
36%
share
31%
de
30%
cloudy
29%
Only
28%
Now
27%
danced
26%
hearts
26%
yeah
26%
clouds
24%
singing
21%
today
21%
While
21%
days
20%
true
20%
stars
19%
ringing
18%
talk
18%
ya
18%
blue
17%
changing
17%
chasing
17%
shared
17%
hands
16%
minds
16%
souls
15%
thoughts
15%
key
13%
yah
12%
December
11%
dreams
11%
pretenders
11%
Holding
10%
stole
9%
found
6%
golden
6%
shiny
6%
No matching quizzes found
Score Distribution
Percent of People with Each Score
Percentile by Number Answered
Your Score History
You have not taken this quiz